[Event "Mittelrhein Verbandsliga-O 16/17"]
[Site "Nordrheinwestfalen"]
[Date "2016.11.27"]
[Round "4"]
[White "Gutt, Stefan"]
[Black "Bartl, Dirk"]
[Result "1-0"]
[WhiteElo "1735"]
[BlackElo "1786"]
[PlyCount "53"]
[EventDate "2016.09.11"]
[EventType "team-tourn"]
[EventRounds "11"]
[EventCountry "GER"]
[SourceTitle "EXT 2022"]
[Source "ChessBase"]
[SourceDate "2021.10.06"]
[SourceVersion "1"]
[SourceVersionDate "2021.10.06"]
[SourceQuality "1"]
[WhiteTeam "Bergische SF II"]
[BlackTeam "Troisdorf"]
[WhiteTeamCountry "GER"]
[BlackTeamCountry "GER"]

1. d4 Nf6 2. Nf3 g6 3. c4 Bg7 4. g3 d6 5. Bg2 0-0 6. 0-0 Nbd7 7. h3 e5 8. Be3 c6 9. Nc3 Re8 10. dxe5 dxe5 11. Kh2 Qe7 12. Rc1 Nf8 13. Qa4 Bf5 14. b4 Ne4 15. Nxe4 Bxe4 16. Bc5 Qc7 17. Rfd1 Bxf3 18. Bxf3 e4 19. Bg2 f5 20. Bd6 Qc8 21. e3 Nd7 22. c5 Nf6 23. Bf1 h5 24. b5 Bf8 25. bxc6 Bxd6 26. Rxd6 Kg7 27. Qd4 1-0

[Event "Solingen Karneval op"]
[Site "Solingen"]
[Date "2016.02.06"]
[Round "2"]
[White "Gutt, Stefan"]
[Black "Bashylina, Luisa"]
[Result "1/2-1/2"]
[WhiteElo "1950"]
[BlackElo "1624"]
[PlyCount "63"]
[EventDate "2016.02.05"]
[EventType "swiss"]
[EventRounds "5"]
[EventCountry "GER"]
[SourceTitle "EXT 2018"]
[Source "ChessBase"]
[SourceDate "2017.10.13"]
[SourceVersion "1"]
[SourceVersionDate "2017.10.13"]
[SourceQuality "1"]

1. d4 Nf6 2. Nf3 g6 3. c4 Bg7 4. Nc3 d6 5. e4 0-0 6. Be2 Nfd7 7. 0-0 e5 8. Bg5 f6 9. Be3 Nc6 10. d5 Ne7 11. Ne1 f5 12. f4 fxe4 13. fxe5 Nxe5 14. Nxe4 Nf5 15. Bf2 Bd7 16. Qc2 Qe7 17. Nd3 Nxd3 18. Bxd3 Rae8 19. Rae1 Qd8 20. b4 a6 21. a3 b6 22. c5 Nd4 23. Qd1 dxc5 24. bxc5 bxc5 25. Nxc5 a5 26. Bc4 Rxe1 27. Rxe1 Nf5 28. d6+ Kh8 29. dxc7 Qxc7 30. Qxd7 Qf4 31. Qd5 Ne7 32. Bg3 1/2-1/2

[Event "Mittelrhein Verbandsliga Ost 1314"]
[Site "Mittelrhein"]
[Date "2014.03.09"]
[Round "8.5"]
[White "Schilcher, Adrian"]
[Black "Gutt, Stefan"]
[Result "0-1"]
[WhiteElo "1883"]
[BlackElo "1829"]
[PlyCount "40"]
[EventDate "2013.09.15"]
[EventType "team-tourn"]
[EventRounds "11"]
[EventCountry "GER"]
[SourceTitle "EXT 2023"]
[Source "ChessBase"]
[SourceDate "2022.10.05"]
[SourceVersion "1"]
[SourceVersionDate "2022.10.05"]
[SourceQuality "1"]
[WhiteTeam "Lohmar"]
[BlackTeam "Bergische SF II"]
[WhiteTeamCountry "GER"]
[BlackTeamCountry "GER"]

1. e4 c5 2. Nf3 Nc6 3. Bb5 e6 4. 0-0 Nge7 5. c3 a6 6. Ba4 b5 7. Bc2 d5 8. d4 cxd4 9. cxd4 Nb4 10. Bb3 dxe4 11. Ng5 Nf5 12. a3 Nd3 13. Nxe4 Nxc1 14. Qxc1 Nxd4 15. Qe3 Nxb3 16. Qxb3 Be7 17. Nbd2 0-0 18. a4 f5 19. axb5 fxe4 20. Nxe4 Qd5 0-1

[Event "Mittelrhein Verbandsliga Ost 1314"]
[Site "Mittelrhein"]
[Date "2014.02.09"]
[Round "7.5"]
[White "Gutt, Stefan"]
[Black "Hoefner, Christoph"]
[Result "0-1"]
[WhiteElo "1824"]
[BlackElo "1888"]
[PlyCount "78"]
[EventDate "2013.09.15"]
[EventType "team-tourn"]
[EventRounds "11"]
[EventCountry "GER"]
[SourceTitle "EXT 2023"]
[Source "ChessBase"]
[SourceDate "2022.10.05"]
[SourceVersion "1"]
[SourceVersionDate "2022.10.05"]
[SourceQuality "1"]
[WhiteTeam "Bergische SF II"]
[BlackTeam "Bruehl II"]
[WhiteTeamCountry "GER"]
[BlackTeamCountry "GER"]

1. d4 Nf6 2. Nf3 e6 3. c3 b6 4. e3 Bb7 5. Bd3 Be7 6. Nbd2 d6 7. 0-0 Nbd7 8. e4 e5 9. Qe2 0-0 10. Rd1 c5 11. dxe5 dxe5 12. Nc4 Qc7 13. a4 Rad8 14. Bg5 Rfe8 15. Ne3 g6 16. Nd2 Nh5 17. Bxe7 Rxe7 18. Nd5 Bxd5 19. exd5 Nf4 20. Qf3 Nxd3 21. Qxd3 Nf6 22. c4 e4 23. Qh3 Re5 24. Nf1 Qe7 25. Ra3 Ne8 26. Ne3 f5 27. g3 Nd6 28. Rc3 Rf8 29. Ng2 g5 30. b3 Qg7 31. Ne3 Re7 32. Rcc1 Rf6 33. Qf1 f4 34. Ng2 Nf5 35. Qe1 Nd4 36. Rxd4 cxd4 37. b4 f3 38. Ne3 dxe3 39. Qxe3 Qh6 0-1

[Event "Bergisch Gladbach-ch"]
[Site "Bergisch Gladbach"]
[Date "2008.09.26"]
[Round "7"]
[White "Gutt, Stefan"]
[Black "Gutt, Oswald"]
[Result "1/2-1/2"]
[WhiteElo "1820"]
[BlackElo "1887"]
[PlyCount "131"]
[EventDate "2008.08.15"]
[EventType "swiss"]
[EventRounds "7"]
[EventCountry "GER"]
[SourceTitle "EXT 2011"]
[Source "ChessBase"]
[SourceDate "2010.11.26"]
[SourceVersion "1"]
[SourceVersionDate "2010.11.26"]
[SourceQuality "1"]

1. d4 Nf6 2. Nf3 e6 3. e3 b6 4. Bd3 Bb7 5. Nbd2 d5 6. 0-0 Be7 7. Qe2 0-0 8. e4 dxe4 9. Nxe4 Nxe4 10. Bxe4 Bxe4 11. Qxe4 Nd7 12. Ne5 Nxe5 13. dxe5 Qd5 14. Qxd5 exd5 15. Rd1 Rfd8 16. Be3 Bc5 17. Bd4 Bxd4 18. Rxd4 c5 19. Rd3 Rd7 20. Rad1 Rad8 21. c3 Kf8 22. f4 g6 23. Kf2 Ke7 24. g4 Ke6 25. Ke3 Rh8 26. Kf3 h5 27. h3 hxg4+ 28. Kxg4 Rh5 29. R3d2 Rd8 30. Rd3 f5+ 31. exf6 Kxf6 32. Re1 Rdh8 33. Rh1 Re8 34. Rhd1 Re2 35. R1d2 Rxd2 36. Rxd2 Ke6 37. Re2+ Kd6 38. Re8 d4 39. cxd4 cxd4 40. Rd8+ Kc5 41. Rc8+ Kb4 42. Rd8 Kc4 43. Rc8+ Rc5 44. Rd8 d3 45. Kf3 Rh5 46. Ke4 Rxh3 47. Rd4+ Kc5 48. Rd5+ Kc4 49. Rd4+ Kc5 50. Rd5+ Kc6 51. Rxd3 Rxd3 52. Kxd3 Kd5 53. b3 a6 54. a3 a5 55. a4 Kc5 56. Kc3 b5 57. axb5 Kxb5 58. Kd3 Kb4 59. Kc2 Kc5 60. Kc3 Kd5 61. Kd3 Kc5 62. Kc3 Kb5 63. Kd3 Kb4 64. Kc2 Ka3 65. Kc3 Ka2 66. Kc2 1/2-1/2

[Event "Bergisch Gladbach-ch"]
[Site "Bergisch Gladbach"]
[Date "2008.09.19"]
[Round "6"]
[White "Holzem, Christopher"]
[Black "Gutt, Stefan"]
[Result "1-0"]
[WhiteElo "1869"]
[BlackElo "1820"]
[PlyCount "55"]
[EventDate "2008.08.15"]
[EventType "swiss"]
[EventRounds "7"]
[EventCountry "GER"]
[SourceTitle "EXT 2011"]
[Source "ChessBase"]
[SourceDate "2010.11.26"]
[SourceVersion "1"]
[SourceVersionDate "2010.11.26"]
[SourceQuality "1"]

1. e4 c5 2. c3 d5 3. exd5 Qxd5 4. d4 Nc6 5. Nf3 Bg4 6. Be2 cxd4 7. cxd4 e6 8. 0-0 Nf6 9. Nc3 Qd8 10. Qa4 Qa5 11. Qxa5 Nxa5 12. Bb5+ Nc6 13. Ne5 Rc8 14. Bg5 Bh5 15. Rfc1 Nd7 16. Nxc6 bxc6 17. Ba6 Rb8 18. Na4 f6 19. Be3 Nb6 20. Nxb6 Rxb6 21. Bc8 Bf7 22. d5 c5 23. b4 exd5 24. bxc5 Rb8 25. Ba6 Be6 26. c6 Bc8 27. c7 Ra8 28. Bb5+ 1-0

[Event "Bergisch Gladbach-ch"]
[Site "Bergisch Gladbach"]
[Date "2008.08.29"]
[Round "3"]
[White "Gessinger, Winfried"]
[Black "Gutt, Stefan"]
[Result "0-1"]
[WhiteElo "1912"]
[BlackElo "1820"]
[PlyCount "76"]
[EventDate "2008.08.15"]
[EventType "swiss"]
[EventRounds "7"]
[EventCountry "GER"]
[SourceTitle "EXT 2011"]
[Source "ChessBase"]
[SourceDate "2010.11.26"]
[SourceVersion "1"]
[SourceVersionDate "2010.11.26"]
[SourceQuality "1"]

1. e4 c5 2. Nc3 Nc6 3. Bc4 e6 4. d3 Nf6 5. Bg5 Be7 6. f4 d5 7. Bb3 dxe4 8. dxe4 Qa5 9. Bxf6 Bxf6 10. e5 Be7 11. Nf3 a6 12. 0-0 c4 13. Bxc4 Qc5+ 14. Kh1 Qxc4 15. Nd2 Qd4 16. Qe2 Bd7 17. Rad1 0-0-0 18. Nc4 Qa7 19. Ne4 Kb8 20. Rd3 Nd4 21. Qd2 Bb5 22. b3 Bxc4 23. bxc4 Nf5 24. c5 Rxd3 25. cxd3 Bxc5 26. g4 Ne3 27. Rc1 Ba3 28. Rb1 Rc8 29. d4 Nxg4 30. h3 Nh6 31. d5 exd5 32. Qxd5 b5 33. Nd6 Bxd6 34. Qxd6+ Ka8 35. a4 Nf5 36. Qd3 Nd4 37. axb5 Qb7+ 38. Kg1 Rc2 0-1

[Event "Bergisch Gladbach-ch"]
[Site "Bergisch Gladbach"]
[Date "2007.10.02"]
[Round "7"]
[White "Gutt, Stefan"]
[Black "Gutt, Oswald"]
[Result "0-1"]
[WhiteElo "1854"]
[BlackElo "1866"]
[PlyCount "62"]
[EventDate "2007.08.24"]
[EventType "swiss"]
[EventRounds "7"]
[EventCountry "GER"]
[SourceTitle "EXT 2011"]
[Source "ChessBase"]
[SourceDate "2010.11.26"]
[SourceVersion "1"]
[SourceVersionDate "2010.11.26"]
[SourceQuality "1"]

1. d4 Nf6 2. Nf3 g6 3. g3 Bg7 4. Bg2 0-0 5. c4 d6 6. Nc3 Nbd7 7. 0-0 e5 8. dxe5 dxe5 9. a3 a5 10. Qc2 c6 11. Bd2 Qe7 12. Rab1 Nc5 13. Nh4 a4 14. Nd1 Be6 15. Bb4 Nfd7 16. Nc3 f5 17. Nxa4 Rxa4 18. Qxa4 e4 19. Bh1 Bf6 20. Ng2 Nxa4 21. Bxe7 Bxe7 22. b3 Nab6 23. Nf4 Bf7 24. h4 Bxa3 25. Ra1 Bb4 26. Ra7 Rb8 27. Kh2 Nc5 28. f3 e3 29. Ra2 Nxb3 30. Rb2 Bxc4 31. Rd1 Bd2 0-1

[Event "Bergisch Gladbach-ch"]
[Site "Bergisch Gladbach"]
[Date "2007.08.24"]
[Round "1"]
[White "Gawenda, Georg"]
[Black "Gutt, Stefan"]
[Result "0-1"]
[WhiteElo "1338"]
[BlackElo "1854"]
[PlyCount "62"]
[EventDate "2007.08.24"]
[EventType "swiss"]
[EventRounds "7"]
[EventCountry "GER"]
[SourceTitle "EXT 2011"]
[Source "ChessBase"]
[SourceDate "2010.11.26"]
[SourceVersion "1"]
[SourceVersionDate "2010.11.26"]
[SourceQuality "1"]

1. e4 c5 2. Nf3 Nc6 3. d4 cxd4 4. Nxd4 Nf6 5. Nc3 a6 6. Bc4 e6 7. a3 Qc7 8. Bg5 Be7 9. Qd2 0-0 10. h3 b5 11. Bb3 Bb7 12. 0-0 Rfd8 13. Rfe1 d6 14. Rad1 Nxd4 15. Qxd4 Rac8 16. Re3 d5 17. Ree1 dxe4 18. Qe3 Bc5 19. Qe2 Qe5 20. Nxe4 Bxe4 21. Bxf6 Qxf6 22. Qxe4 Bxf2+ 23. Kh1 Bxe1 24. Rxe1 Rd6 25. Qb7 Rcd8 26. c3 Qf2 27. Rg1 Qxb2 28. Rf1 f6 29. Bxe6+ Rxe6 30. c4 Qe2 31. Rc1 Rd1+ 0-1

[Event "Bergisch Gladbach-ch"]
[Site "Bergisch Gladbach"]
[Date "2006.09.15"]
[Round "4"]
[White "Gutt, Stefan"]
[Black "Raabe, Joachim"]
[Result "1/2-1/2"]
[WhiteElo "1827"]
[BlackElo "1920"]
[PlyCount "38"]
[EventDate "2006.08.25"]
[EventType "swiss"]
[EventRounds "7"]
[EventCountry "GER"]
[SourceTitle "EXT 2008"]
[Source "ChessBase"]
[SourceDate "2007.11.25"]
[SourceVersion "1"]
[SourceVersionDate "2007.11.25"]
[SourceQuality "1"]

1. d4 c5 2. e3 Nf6 3. Nf3 cxd4 4. exd4 d5 5. Bd3 Nc6 6. c3 g6 7. 0-0 Bg7 8. Bg5 0-0 9. Nbd2 Qc7 10. Re1 Bg4 11. h3 Be6 12. Qe2 a6 13. a4 Rac8 14. Nb3 Nd7 15. a5 Rfe8 16. Bh4 Bh6 17. Bg5 Bg7 18. Bh4 Bh6 19. Bg5 Bg7 1/2-1/2

[Event "Bergisch Gladbach-ch"]
[Site "Bergisch Gladbach"]
[Date "2005.10.07"]
[Round "7"]
[White "Gutt, Stefan"]
[Black "Cremerius, Armin"]
[Result "1/2-1/2"]
[WhiteElo "1785"]
[BlackElo "1666"]
[PlyCount "81"]
[EventDate "2005.08.26"]
[EventType "swiss"]
[EventRounds "7"]
[EventCountry "GER"]
[SourceTitle "CBM 108 Extra"]
[Source "ChessBase"]
[SourceDate "2005.11.04"]
[SourceVersion "1"]
[SourceVersionDate "2005.11.04"]
[SourceQuality "1"]

1. d4 Nf6 2. Nf3 g6 3. c4 Bg7 4. Nc3 0-0 5. e4 d6 6. Be2 Na6 7. 0-0 c5 8. d5 Bd7 9. Ne1 Nc7 10. f4 a6 11. a4 Rb8 12. a5 b5 13. axb6 Rxb6 14. e5 Nfe8 15. Nd3 Qb8 16. Qe1 Bf5 17. Kh1 Bxd3 18. Bxd3 e6 19. dxe6 Nxe6 20. f5 gxf5 21. Bxf5 Nd4 22. Be4 dxe5 23. Qh4 f5 24. Bd5+ Kh8 25. Na4 Rg6 26. Nxc5 Nc7 27. Bb7 Qe8 28. Ra3 f4 29. Rh3 Rh6 30. Qg4 Rxh3 31. Qxh3 Rf6 32. Qd7 Qxd7 33. Nxd7 Rd6 34. Nc5 Rb6 35. Be4 Rb4 36. Bd3 a5 37. Re1 Kg8 38. Nd7 Nb3 39. Bc2 Nxc1 40. Rxc1 Rxb2 41. Ba4 1/2-1/2

[Event "Bergisch Gladbach-ch"]
[Site "Bergisch Gladbach"]
[Date "2005.08.26"]
[Round "1"]
[White "Gutt, Stefan"]
[Black "Aslan, Nesimi"]
[Result "1-0"]
[WhiteElo "1785"]
[BlackElo "1346"]
[PlyCount "53"]
[EventDate "2005.08.26"]
[EventType "swiss"]
[EventRounds "7"]
[EventCountry "GER"]
[SourceTitle "CBM 108 Extra"]
[Source "ChessBase"]
[SourceDate "2005.11.04"]
[SourceVersion "1"]
[SourceVersionDate "2005.11.04"]
[SourceQuality "1"]

1. d4 d5 2. c4 Nf6 3. cxd5 Qxd5 4. Nc3 Qd8 5. e4 e6 6. Bg5 Be7 7. Nf3 b6 8. Be2 Bb7 9. Qc2 Nc6 10. Rd1 Nb4 11. Qb1 h6 12. Bh4 a5 13. a3 Na6 14. 0-0 c6 15. e5 Nd7 16. Bxe7 Qxe7 17. Ne4 Nf8 18. Nd6+ Kd8 19. Nd2 b5 20. Nb3 a4 21. Na5 f6 22. Naxb7+ Kc7 23. Qc2 Kd7 24. Bf3 Nb8 25. Rc1 Kc7 26. Bxc6 Kb6 27. Qc5+ 1-0

[Event "Bergisch Gladbach-ch 26th"]
[Site "Bergisch Gladbach"]
[Date "2004.10.08"]
[Round "6"]
[White "Schoerghuber, Barbara"]
[Black "Gutt, Stefan"]
[Result "1/2-1/2"]
[WhiteElo "1441"]
[BlackElo "1810"]
[PlyCount "37"]
[EventDate "2004.09.??"]
[EventType "swiss"]
[EventRounds "7"]
[EventCountry "GER"]
[SourceTitle "EXT 2005"]
[Source "ChessBase"]
[SourceDate "2004.11.15"]
[SourceVersion "1"]
[SourceVersionDate "2004.11.15"]
[SourceQuality "1"]

1. d4 d5 2. e3 c5 3. c3 Nf6 4. Bd3 e6 5. f4 Bd6 6. Nd2 0-0 7. Ngf3 b6 8. Ne5 Ba6 9. Bxa6 Nxa6 10. 0-0 b5 11. Qf3 Qc7 12. Qe2 c4 13. e4 b4 14. exd5 exd5 15. Kh1 Nb8 16. Ndf3 Ne4 17. Nd2 Nxd2 18. Bxd2 a5 19. Qf3 1/2-1/2

[Event "Bergisch Gladbach-ch 26th"]
[Site "Bergisch Gladbach"]
[Date "2004.09.17"]
[Round "3"]
[White "Gutt, Stefan"]
[Black "Gutt, Oswald"]
[Result "0-1"]
[WhiteElo "1810"]
[BlackElo "1941"]
[PlyCount "58"]
[EventDate "2004.09.??"]
[EventType "swiss"]
[EventRounds "7"]
[EventCountry "GER"]
[SourceTitle "EXT 2005"]
[Source "ChessBase"]
[SourceDate "2004.11.15"]
[SourceVersion "1"]
[SourceVersionDate "2004.11.15"]
[SourceQuality "1"]

1. d4 e6 2. c4 Nf6 3. Nf3 b6 4. Nc3 Bb7 5. e3 d5 6. Bd3 Nbd7 7. 0-0 Be7 8. cxd5 exd5 9. b3 0-0 10. Bb2 a6 11. Rc1 Bd6 12. Re1 Re8 13. Nd2 c5 14. e4 cxd4 15. Nxd5 Nxd5 16. exd5 Rxe1+ 17. Qxe1 Bxd5 18. Be4 Nf6 19. Bxd5 Nxd5 20. Bxd4 Bxh2+ 21. Kf1 Bf4 22. Rd1 Qh4 23. Nf3 Qh1+ 24. Ng1 Bh2 25. f3 Nf4 26. Qf2 Rd8 27. Rd2 Bxg1 28. Qxg1 Qxg1+ 29. Kxg1 Rxd4 0-1

[Event "Bergisch Gladbach-ch 25th"]
[Site "Bergisch Gladbach"]
[Date "2003.09.26"]
[Round "5.2"]
[White "Salbert, Heinrich"]
[Black "Gutt, Stefan"]
[Result "1/2-1/2"]
[WhiteElo "1902"]
[BlackElo "1763"]
[PlyCount "53"]
[EventDate "2003.08.??"]
[EventType "swiss"]
[EventRounds "7"]
[EventCountry "GER"]
[SourceTitle "EXT 2005"]
[Source "ChessBase"]
[SourceDate "2004.11.15"]
[SourceVersion "1"]
[SourceVersionDate "2004.11.15"]
[SourceQuality "1"]

1. e4 c5 2. Nf3 e6 3. d3 d5 4. Nbd2 Nc6 5. g3 Nf6 6. Bg2 Be7 7. 0-0 0-0 8. Re1 Qc7 9. c3 Rd8 10. e5 Nd7 11. Qe2 b6 12. Nf1 Bb7 13. Bf4 Nf8 14. h4 Ng6 15. Bd2 d4 16. c4 a6 17. h5 Nf8 18. N1h2 b5 19. b3 bxc4 20. bxc4 Rab8 21. Ng4 Kh8 22. h6 g6 23. Bg5 Bxg5 24. Nxg5 Nd7 25. f4 Ne7 26. Ne4 Nf5 27. Kh2 1/2-1/2

[Event "Bergisch Gladbach-ch 24th"]
[Site "Bergisch Gladbach"]
[Date "2002.09.13"]
[Round "3"]
[White "Gutt, Stefan"]
[Black "Oster Daum, Andreas"]
[Result "1/2-1/2"]
[WhiteElo "1830"]
[BlackElo "1700"]
[PlyCount "28"]
[EventDate "2002.08.??"]
[EventType "swiss"]
[EventRounds "7"]
[EventCountry "GER"]
[SourceTitle "EXT 2005"]
[Source "ChessBase"]
[SourceDate "2004.11.15"]
[SourceVersion "1"]
[SourceVersionDate "2004.11.15"]
[SourceQuality "1"]

1. d4 d5 2. Nf3 Nf6 3. e3 e6 4. Bd3 c5 5. c3 Be7 6. Nbd2 0-0 7. 0-0 Nbd7 8. Qe2 h6 9. e4 dxe4 10. Nxe4 Nxe4 11. Qxe4 Nf6 12. Qe2 b6 13. Rd1 Qc7 14. Ne5 Bd6 1/2-1/2

[Event "Bergisch Gladbach-ch 24th"]
[Site "Bergisch Gladbach"]
[Date "2002.09.06"]
[Round "2"]
[White "Stock, Hugo"]
[Black "Gutt, Stefan"]
[Result "1/2-1/2"]
[WhiteElo "1648"]
[BlackElo "1833"]
[PlyCount "51"]
[EventDate "2002.08.??"]
[EventType "swiss"]
[EventRounds "7"]
[EventCountry "GER"]
[SourceTitle "EXT 2005"]
[Source "ChessBase"]
[SourceDate "2004.11.15"]
[SourceVersion "1"]
[SourceVersionDate "2004.11.15"]
[SourceQuality "1"]

1. c4 e6 2. Nc3 d5 3. d4 Nf6 4. Bg5 Be7 5. e3 0-0 6. cxd5 exd5 7. Bd3 c6 8. Qc2 Nbd7 9. Nf3 Re8 10. 0-0 Nf8 11. Bxf6 Bxf6 12. b4 Bg4 13. Nd2 Rc8 14. Rab1 Bh5 15. Rfe1 Bg6 16. Nf1 Bxd3 17. Qxd3 Ne6 18. Ng3 g6 19. Na4 Bg7 20. Nc5 Nxc5 21. bxc5 b6 22. cxb6 axb6 23. Rec1 c5 24. Ne2 c4 25. Qd2 Qc7 26. Nc3 1/2-1/2

[Event "Bergisch Gladbach-ch op"]
[Site "Bergisch Gladbach"]
[Date "2001.09.21"]
[Round "6"]
[White "Gutt, Stefan"]
[Black "Schueers, Christian"]
[Result "1-0"]
[WhiteElo "1874"]
[BlackElo "1566"]
[PlyCount "67"]
[EventDate "2001.08.17"]
[EventType "swiss"]
[EventRounds "7"]
[EventCountry "GER"]
[SourceTitle "EXT 2006"]
[Source "ChessBase"]
[SourceDate "2005.11.24"]
[SourceVersion "1"]
[SourceVersionDate "2005.11.24"]
[SourceQuality "1"]

1. d4 d5 2. Nf3 Nf6 3. e3 Bf5 4. c4 c6 5. cxd5 Nxd5 6. Bc4 e6 7. 0-0 Bd6 8. h3 Nd7 9. Qe2 N5b6 10. Bb3 0-0 11. Nc3 h6 12. Rd1 a6 13. a4 Rc8 14. e4 Bg6 15. Be3 Re8 16. Rac1 c5 17. dxc5 Bxc5 18. a5 Bxe3 19. fxe3 Na8 20. Ne5 Nxe5 21. Rxd8 Rexd8 22. Rd1 Nc7 23. Ba4 Ne8 24. Rd4 Rxd4 25. exd4 Nc6 26. Bxc6 Rxc6 27. d5 Rc8 28. e5 exd5 29. Nxd5 Rc1+ 30. Kh2 Rc2 31. Ne7+ Kh7 32. Qg4 Rc5 33. Qd7 Nc7 34. Qd8 1-0

[Event "Bergisch Gladbach-ch op"]
[Site "Bergisch Gladbach"]
[Date "2001.09.14"]
[Round "5"]
[White "Pick, Stefan"]
[Black "Gutt, Stefan"]
[Result "1/2-1/2"]
[WhiteElo "2035"]
[BlackElo "1874"]
[PlyCount "57"]
[EventDate "2001.08.17"]
[EventType "swiss"]
[EventRounds "7"]
[EventCountry "GER"]
[SourceTitle "EXT 2006"]
[Source "ChessBase"]
[SourceDate "2005.11.24"]
[SourceVersion "1"]
[SourceVersionDate "2005.11.24"]
[SourceQuality "1"]

1. e4 e6 2. d4 d5 3. Nc3 Nf6 4. Bg5 Be7 5. Bxf6 Bxf6 6. e5 Be7 7. Qg4 0-0 8. h4 c5 9. dxc5 Nc6 10. Nf3 Bxc5 11. Bd3 h6 12. 0-0-0 Bxf2 13. Rdf1 Be3+ 14. Kb1 f5 15. Qh3 a6 16. g4 fxg4 17. Qxg4 Qe8 18. Bg6 Qe7 19. Re1 Bc5 20. Ng5 Bd7 21. Nh7 Rf2 22. Rhg1 Be8 23. Nf6+ Rxf6 24. exf6 Qxf6 25. Rxe6 Bd7 26. Nxd5 Qf8 27. Bh7+ Kh8 28. Bd3 Bxe6 29. Qxe6 1/2-1/2

[Event "Bergisch Gladbach-ch op"]
[Site "Bergisch Gladbach"]
[Date "2001.08.17"]
[Round "1"]
[White "Seelig, Jochen"]
[Black "Gutt, Stefan"]
[Result "0-1"]
[WhiteElo "1285"]
[BlackElo "1874"]
[PlyCount "92"]
[EventDate "2001.08.17"]
[EventType "swiss"]
[EventRounds "7"]
[EventCountry "GER"]
[SourceTitle "EXT 2006"]
[Source "ChessBase"]
[SourceDate "2005.11.24"]
[SourceVersion "1"]
[SourceVersionDate "2005.11.24"]
[SourceQuality "1"]

1. b3 d5 2. e3 c5 3. d4 cxd4 4. Qxd4 Nc6 5. Bb5 e6 6. Bb2 Qa5+ 7. Nc3 Nf6 8. Qa4 Qxa4 9. Nxa4 Be7 10. Bxf6 Bxf6 11. Rd1 Ke7 12. Bxc6 bxc6 13. Ne2 Rb8 14. Nd4 Kd6 15. c3 Bd7 16. b4 a5 17. a3 axb4 18. axb4 Ra8 19. Nc5 Ra3 20. Rc1 Rha8 21. 0-0 Kc7 22. Ndb3 Bc8 23. Rc2 Ba6 24. Nxa6+ R8xa6 25. Nc5 Ra8 26. Rfc1 Ra1 27. c4 Rxc1+ 28. Rxc1 dxc4 29. Kf1 Ra1 30. Rxa1 Bxa1 31. Ke2 Bc3 32. Ne4 Bf6 33. Nd2 c3 34. Ne4 c2 35. Kd2 c1Q+ 36. Kxc1 Be7 37. Nc5 Kb6 38. Ne4 Kb5 39. h4 f5 40. Ng5 Bxg5 41. hxg5 Kxb4 42. Kd2 e5 43. f4 e4 44. Kc2 c5 45. Kd2 Kb3 46. Kc1 Kc3 0-1

[Event "Bergisch Gladbach-ch 22nd"]
[Site "Bergisch Gladbach"]
[Date "2000.09.21"]
[Round "7"]
[White "Gutt, Stefan"]
[Black "Klein, Dieter"]
[Result "1/2-1/2"]
[WhiteElo "1833"]
[BlackElo "1711"]
[PlyCount "50"]
[EventDate "2000.08.??"]
[EventType "swiss"]
[EventRounds "7"]
[EventCountry "GER"]
[SourceTitle "EXT 2005"]
[Source "ChessBase"]
[SourceDate "2004.11.15"]
[SourceVersion "1"]
[SourceVersionDate "2004.11.15"]
[SourceQuality "1"]

1. d4 d5 2. Nf3 c6 3. e3 Nf6 4. Bd3 e6 5. 0-0 Bd6 6. Nbd2 0-0 7. Qe2 Nbd7 8. e4 Nxe4 9. Nxe4 dxe4 10. Qxe4 g6 11. Bg5 Be7 12. Bh6 Re8 13. Rfe1 Bf8 14. Bxf8 Rxf8 15. Ne5 Nf6 16. Qf3 Kg7 17. c3 Qb6 18. Nc4 Qc7 19. Rad1 b5 20. Ne5 Bb7 21. Qh3 a5 22. a3 b4 23. Rc1 bxa3 24. bxa3 Qd6 25. Nc4 Qc7 1/2-1/2